Opus de jeux vidéo #4 - Assassin's Creed - Statistiques

Statistiques générales
  • Ce quiz a été pris 927 fois
    251 depuis la dernière actualisation
  • Le résultat moyen est 14 sur 27
Statistiques - réponses
Année de sortie Plateforme Nom % Correct
2009 PS3 / Xbox360 / PC Assassin's Creed II
97%
2007 PS3 / Xbox360 / PC Assassin's Creed
96%
2012 PS3 / Xbox360 / PC / Wii U Assassin's Creed III
94%
2013 PS3 / PS4 / Xbox360 / XboxOne / Wii U / PC Assassin's Creed IV : Black Flag
92%
2018 PS4 / XboxOne / PC Assassin's Creed : Odyssey
89%
2017 PS4 / XboxOne / PC Assassin's Creed : Origins
89%
2020 PS4 / PS5 / XboxOne / XboxSeries / PC Assassin's Creed : Valhalla
89%
2014 PS4 / XboxOne / PC Assassin's Creed : Unity
88%
2023 PS4 / PS5 / XboxOne / XboxSeries / PC / Mobile Assassin's Creed : Mirage
82%
2025 PS5 / XboxSeries / PC Assassin's Creed : Shadows
80%
2010 PS3 / Xbox360 / PC Assassin's Creed : Brotherhood
74%
2015 PS4 / XboxOne / PC Assassin's Creed : Syndicate
72%
2014 PS3 / Xbox360 / PC Assassin's Creed : Rogue
71%
2011 PS3 / Xbox360 / PC / Mobile Assassin's Creed : Revelations
66%
2015 PS4 / XboxOne / PC Assassin's Creed Chronicles : China
41%
2016 PS4 / XboxOne / PC Assassin's Creed Chronicles : India
39%
2016 PS4 / XboxOne / PC Assassin's Creed Chronicles : Russia
36%
2012 PSVita Assassin's Creed III : Liberation
32%
2008 DS / Mobile Assassin's Creed : Altaïr's Chronicles
13%
2009 PSP / PSVita Assassin's Creed : Bloodlines
13%
2023 Meta Quest 2 / Meta Quest Pro / Meta Quest 3 Assassin's Creed : Nexus
11%
2018 Mobile Assassin's Creed : Rebellion
10%
2009 DS / Mobile Assassin's Creed II : Discovery
9%
2016 Mobile Assassin's Creed : Identity
6%
2013 Mobile Assassin's Creed : Pirates
6%
2014 Mobile Assassin's Creed : Memories
2%
2011 Mobile Assassin's Creed : Multiplayer Rearmed
1%
Aucun quiz correspondant
Distribution des résultats
% des personnes avec chaque résultat
Percentile par nombre de réponses
Votre historique - résultats
Vous n’avez pas pris ce quiz depuis la dernière actualisation